[Event "CAN-ch U12"]
[Site "Richmond Hill"]
[Date "2011.07.08"]
[Round "6"]
[White "Robichaud, Alexandre"]
[Black "Yilmaz, Burak"]
[Result "1-0"]
[WhiteElo "1241"]
[BlackElo "1032"]
[PlyCount "139"]
[EventDate "2011.07.06"]
[EventType "swiss"]
[EventRounds "7"]
[EventCountry "CAN"]
[SourceTitle "EXT 2022"]
[Source "ChessBase"]
[SourceDate "2021.10.06"]
[SourceVersion "1"]
[SourceVersionDate "2021.10.06"]
[SourceQuality "1"]

1. e4 e5 2. Nf3 Nc6 3. Bb5 Nf6 4. 0-0 Bc5 5. h3 0-0 6. Re1 d6 7. c3 h6 8. d4 Bb6 9. a4 a6 10. Bc4 Re8 11. dxe5 dxe5 12. Qxd8 Rxd8 13. Nbd2 Na5 14. b4 Nc6 15. a5 Ba7 16. Bb3 Ne7 17. Nxe5 Be6 18. Bxe6 fxe6 19. Nef3 Nh5 20. Nb3 Ng6 21. Be3 Bxe3 22. Rxe3 b6 23. axb6 cxb6 24. Ree1 Rf8 25. Red1 Ngf4 26. Kf1 Rfc8 27. Rac1 Nf6 28. e5 Ne4 29. Rd4 Rxc3 30. Rxc3 Nxc3 31. Rxf4 a5 32. bxa5 bxa5 33. Rc4 Nb5 34. Ra4 Nc3 35. Rxa5 Rxa5 36. Nxa5 Nd5 37. Nd4 Kf7 38. Nab3 Nf4 39. Nc5 Ng6 40. Nd3 Ke7 41. Ke2 Kf7 42. Ke3 Ke7 43. g3 h5 44. f4 Kf7 45. Nc5 Nf8 46. Kf3 Ke7 47. g4 h4 48. g5 g6 49. Kg4 Kf7 50. Kxh4 Ke7 51. Kg4 Kf7 52. h4 Kg7 53. Ncxe6+ Nxe6 54. Nxe6+ Kf7 55. Nd4 Kg7 56. h5 gxh5+ 57. Kxh5 Kf7 58. g6+ Kg7 59. Kg5 Kf8 60. Kh6 Kg8 61. g7 Kf7 62. Kh7 Ke8 63. g8Q+ Kd7 64. f5 Ke7 65. f6+ Kd7 66. f7 Ke7 67. f8Q+ Kd7 68. Qf6 Kc7 69. Qgg7+ Kc8 70. Qff8# 1-0

[Event "North American-ch U10"]
[Site "Montreal"]
[Date "2010.08.18"]
[Round "5"]
[White "Robichaud, Alexandre"]
[Black "Zhang, Kevin3"]
[Result "1-0"]
[WhiteElo "1146"]
[BlackElo "957"]
[PlyCount "92"]
[EventDate "2010.08.16"]
[EventType "swiss"]
[EventRounds "7"]
[EventCountry "CAN"]
[SourceTitle "EXT 2013"]
[Source "ChessBase"]
[SourceDate "2012.11.22"]
[SourceVersion "1"]
[SourceVersionDate "2012.11.22"]
[SourceQuality "1"]

1. e4 e5 2. Nf3 Nc6 3. Bb5 d6 4. 0-0 Bg4 5. h3 Bh5 6. Be2 Nf6 7. Nc3 Be7 8. Re1 0-0 9. a3 d5 10. exd5 Nxd5 11. Nxd5 Qxd5 12. c4 Qd6 13. d3 Rad8 14. Be3 f5 15. Qb3 f4 16. c5+ Qd5 17. Qxd5+ Rxd5 18. Bd2 Bxc5 19. d4 Bxf3 20. Bc4 Bxd4 21. gxf3 Rfd8 22. Bxd5+ Rxd5 23. Bc3 Bxc3 24. bxc3 Rd3 25. Reb1 b6 26. Kg2 Ne7 27. Re1 Ng6 28. Rad1 Rxc3 29. Rd8+ Kf7 30. Rd7+ Kf6 31. Ra1 a5 32. a4 Kg5 33. Rxg7 Kh6 34. Rd7 Nh4+ 35. Kf1 Nxf3 36. Rad1 Nd4 37. Rd5 Nc6 38. R5d3 Rc4 39. Rd7 Nd4 40. Re7 Rc5 41. Re1 Nc6 42. Rxc7 Kg6 43. h4 Nd4 44. Rxc5 bxc5 45. Rc1 Nb3 46. Rb1 Nd4 1-0

[Event "North American-ch U10"]
[Site "Montreal"]
[Date "2010.08.16"]
[Round "2"]
[White "Wan, Kevin"]
[Black "Robichaud, Alexandre"]
[Result "1-0"]
[WhiteElo "1385"]
[BlackElo "1146"]
[PlyCount "62"]
[EventDate "2010.08.16"]
[EventType "swiss"]
[EventRounds "7"]
[EventCountry "CAN"]
[SourceTitle "EXT 2013"]
[Source "ChessBase"]
[SourceDate "2012.11.22"]
[SourceVersion "1"]
[SourceVersionDate "2012.11.22"]
[SourceQuality "1"]

1. e4 c5 2. Nf3 e6 3. d4 cxd4 4. Nxd4 Nc6 5. Nc3 Bb4 6. Be3 d6 7. Qd2 a6 8. Nxc6 bxc6 9. Qd4 Bxc3+ 10. Qxc3 c5 11. Qxg7 Qf6 12. Qxf6 Nxf6 13. f3 Bb7 14. 0-0-0 d5 15. exd5 Bxd5 16. b3 Nd7 17. c4 Bc6 18. Be2 a5 19. Rd6 Ra6 20. Rhd1 Ke7 21. f4 Rd8 22. g4 Bb7 23. Rxa6 Bxa6 24. Bd2 Ra8 25. Bd3 Nf8 26. Be4 Ra7 27. Kb2 a4 28. Be3 Nd7 29. g5 axb3 30. axb3 f6 31. gxf6+ Nxf6 1-0